[Event "146 Stay Safe Play From Home series"]
[Site "T#646011Emanuel Laske"]
[Date "2020.05.13"]
[Round "5"]
[White "Chessencounter"]
[Black "Mepe_Nika"]
[Result "1-0"]
[WhiteElo "2195"]
[BlackElo "2266"]
[Annotator "TA"]
[PlyCount "87"]
[EventDate "2020.05.13"]
[EventType "swiss (blitz)"]

{[%evp 9,87,3,12,28,37,26,44,44,69,45,60,43,42,44,46,37,55,53,37,-2,78,9,26,7,57,36,50,54,51,18,72,25,76,-37,101,101,109,68,163,172,172,173,302,289,292,254,398,175,177,177,269,134,140,1,781,757,2287,2296,2159,2191,2848,2673,4089,1787,2926,2197,2729,2595,2622,2555,29987,29988,29988,29989,29993,29994,29994,29995,29995,29996]} 1. g3 g6 2. Bg2 Bg7 3. Nc3 Nf6 4. e4 O-O 5. Nge2 c6 6. O-O {A00: Irregular Openings.} d5 {[#]} 7. e5 $146 ({Predecessor:} 7. d3 Na6 8. exd5 cxd5 9. h3 e6 10. d4 Ne8 11. Nf4 Nb4 12. h4 Nc6 13. Nce2 {0-1 (32) Elice,F (2009)-Bauer,C (2631) Schoelcher 2013}) 7... Ne8 8. d4 {White is slightly better.} Bd7 9. f3 Qc8 10. Be3 Bh3 11. f4 Bxg2 12. Kxg2 e6 13. h4 h5 $1 14. Kf3 f5 (14... Bh6 $11) 15. b4 (15. Ng1 $16) 15... Nd7 $11 16. a4 {[%cal Ba2a4,Ba4a5][%mdl 32]} b6 17. Qd3 Rf7 18. Rfb1 $36 {[%mdl 2048] White fights for an advantage.} Bf8 19. a5 Qb7 (19... Nc7 $11) 20. Nc1 Rc8 (20... Qc8 $11) 21. Nb3 (21. Na4 $16) 21... Qa8 (21... Bxb4 $15 {stays ahead.} 22. axb6 axb6) 22. axb6 $16 Nxb6 23. Nc5 Nc4 ({Black should play} 23... Bxc5 $14 24. dxc5 (24. bxc5 Nc4 $14) 24... Nc4) 24. Nxe6 $18 a5 25. bxa5 {[#] Strongly threatening Na4.} Rb7 (25... Ra7 {was called for.} 26. Nd1 Nc7) 26. Rxb7 Qxb7 27. a6 Qa8 (27... Qb6 $142 28. Nd1 Nc7) 28. Nc5 (28. Nxf8 $142 Nb2 29. Qe2 Kxf8 30. Na4 Nxa4 31. Rxa4) 28... Bxc5 29. dxc5 Nc7 (29... Rc7 $142 30. Na4 Qxa6) 30. a7 (30. Nb1 $18 {is more deadly.}) 30... Ne6 $16 31. Na4 ({Better is} 31. Ke2 $16) 31... Rc7 $2 {[%mdl 8192] Black cannot hold the game after this.} (31... Qxa7 $11 32. Bf2 Ra8) 32. Nb6 $18 Qxa7 33. Rxa7 Rxa7 34. Nxc4 dxc4 35. Qxc4 Kf7 36. Qb4 Rc7 37. Qb6 Ke7 38. c4 Kd7 39. Bd2 Nd8 40. Ba5 {White mates.} Ne6 41. Qb8 Rc8 42. Qd6+ Ke8 43. Qxe6+ {[%mdl 64] [#] Double Attack} Kf8 44. Qxc8+ {Accuracy: White = 48%, Black = 36%.} 1-0

[Event "146 Stay Safe Play From Home series"]
[Site "T#646011Emanuel Laske"]
[Date "2020.05.13"]
[Round "5"]
[White "Weltszmerc"]
[Black "Nagaram"]
[Result "1-0"]
[WhiteElo "2104"]
[BlackElo "1598"]
[Annotator "RC"]
[PlyCount "149"]
[EventDate "2020.05.13"]
[EventType "swiss (blitz)"]

1. d4 {[%emt 0:00:01]} e6 {[%emt 0:00:01]} 2. c4 {[%emt 0:00:00]} d5 {[%emt 0:00:01]} 3. Nf3 {[%emt 0:00:00]} Bb4+ {[%emt 0:00:01]} 4. Bd2 {[%emt 0:00:01]} Bxd2+ {[%emt 0:00:01]} 5. Nbxd2 {[%emt 0:00:01]} Nf6 {[%emt 0:00:00]} 6. Qc2 {[%emt 0:00:00]} Nc6 {[%emt 0:00:02]} 7. g3 {[%emt 0:00:01]} Bd7 {[%emt 0:00:01]} 8. Bg2 {[%emt 0:00:01]} O-O {[%emt 0:00:01]} 9. c5 {[%emt 0:00:01]} b6 {[%emt 0:00:01]} 10. a3 {[%emt 0:00:02]} bxc5 {[%emt 0:00:01]} 11. Qxc5 {[%emt 0:00:00]} Rb8 {[%emt 0:00:03]} 12. b4 {[%emt 0:00:03]} Ne7 {[%emt 0:00:01]} 13. Rc1 {[%emt 0:00:03]} Rc8 {[%emt 0:00:02]} 14. Ne5 {[%emt 0:00:01]} Ng6 {[%emt 0:00:01]} 15. Nc6 {[%emt 0:00:02]} Bxc6 {[%emt 0:00:01]} 16. Qxc6 {[%emt 0:00:00]} Qd6 {[%emt 0:00:01]} 17. Nb3 {[%emt 0:00:01]} Qxc6 {[%emt 0:00:01]} 18. Rxc6 {[%emt 0:00:00]} Rfd8 {[%emt 0:00:03]} 19. O-O {[%emt 0:00:01]} Rd6 {[%emt 0:00:01]} 20. Rfc1 {[%emt 0:00:02]} Rxc6 {[%emt 0:00:01]} 21. Rxc6 {[%emt 0:00:00]} Ne4 {[%emt 0:00:01]} 22. Bxe4 {[%emt 0:00:02]} dxe4 {[%emt 0:00:01]} 23. Na5 {[%emt 0:00:01]} Kf8 {[%emt 0:00:01]} 24. Kf1 {[%emt 0:00:02]} Ke7 {[%emt 0:00:01]} 25. Ke1 {[%emt 0:00:02]} Kd7 {[%emt 0:00:01]} 26. Rc5 {[%emt 0:00:02]} c6 {[%emt 0:00:01]} 27. Kd2 {[%emt 0:00:01]} e5 {[%emt 0:00:00]} 28. dxe5 {[%emt 0:00:02]} Ke6 {[%emt 0:00:01]} 29. Nc4 {[%emt 0:00:02]} f6 {[%emt 0:00:02]} 30. exf6 {[%emt 0:00:01]} gxf6 {[%emt 0:00:00]} 31. Ke3 {[%emt 0:00:01]} f5 {[%emt 0:00:02]} 32. b5 {[%emt 0:00:02]} Kd7 {[%emt 0:00:03]} 33. bxc6+ {[%emt 0:00:01]} Rxc6 {[%emt 0:00:00]} 34. Rxc6 {[%emt 0:00:01]} Kxc6 {[%emt 0:00:01]} 35. Kd4 {[%emt 0:00:00]} Kb5 {[%emt 0:00:02]} 36. Nd6+ {[%emt 0:00:01]} Ka4 {[%emt 0:00:03]} 37. Nxf5 {[%emt 0:00:00]} Kxa3 {[%emt 0:00:01]} 38. Kxe4 {[%emt 0:00:00]} a5 {[%emt 0:00:00]} 39. Nd4 {[%emt 0:00:01]} Kb4 {[%emt 0:00:01]} 40. Nc6+ {[%emt 0:00:02]} Kb3 {[%emt 0:00:01]} 41. Nxa5+ {[%emt 0:00:00]} Kb4 {[%emt 0:00:01]} 42. Nc6+ {[%emt 0:00:00]} Kb5 {[%emt 0:00:01]} 43. Ne5 {[%emt 0:00:00]} Ne7 {[%emt 0:00:01]} 44. f4 {[%emt 0:00:01]} Nc6 {[%emt 0:00:01]} 45. Nxc6 {[%emt 0:00:01]} Kxc6 {[%emt 0:00:01]} 46. Ke5 {[%emt 0:00:00]} Kd7 {[%emt 0:00:00]} 47. e4 {[%emt 0:00:00]} Ke7 {[%emt 0:00:00]} 48. f5 {[%emt 0:00:00]} Kf7 {[%emt 0:00:00]} 49. g4 {[%emt 0:00:00]} Ke7 {[%emt 0:00:00]} 50. h3 {[%emt 0:00:00]} h5 {[%emt 0:00:00]} 51. g5 {[%emt 0:00:00]} Kf7 {[%emt 0:00:01]} 52. h4 {[%emt 0:00:00]} Ke7 {[%emt 0:00:01]} 53. Kd5 {[%emt 0:00:00]} Kf7 {[%emt 0:00:00]} 54. e5 {[%emt 0:00:00]} Ke7 {[%emt 0:00:00]} 55. Ke4 {[%emt 0:00:00]} Kd7 {[%emt 0:00:00]} 56. e6+ {[%emt 0:00:00]} Ke7 {[%emt 0:00:00]} 57. Kf4 {[%emt 0:00:00]} Kf8 {[%emt 0:00:01]} 58. g6 {[%emt 0:00:00]} Ke7 {[%emt 0:00:00]} 59. Ke5 {[%emt 0:00:00]} Kf8 {[%emt 0:00:01]} 60. f6 {[%emt 0:00:00]} Ke8 {[%emt 0:00:00]} 61. Kf5 {[%emt 0:00:00]} Kf8 {[%emt 0:00:00]} 62. Kg5 {[%emt 0:00:00]} Ke8 {[%emt 0:00:00]} 63. Kxh5 {[%emt 0:00:01]} Kf8 {[%emt 0:00:00]} 64. Kg5 {[%emt 0:00:00]} Kg8 {[%emt 0:00:00]} 65. Kf5 {[%emt 0:00:00]} Kf8 {[%emt 0:00:00]} 66. Ke5 {[%emt 0:00:00]} Ke8 {[%emt 0:00:00]} 67. Kd6 {[%emt 0:00:00]} Kd8 {[%emt 0:00:01]} 68. h5 {[%emt 0:00:00]} Ke8 {[%emt 0:00:00]} 69. Kc6 {[%emt 0:00:00]} Kf8 {[%emt 0:00:00]} 70. Kb7 {[%emt 0:00:00]} Ke8 {[%emt 0:00:00]} 71. Kc7 {[%emt 0:00:00]} Kf8 {[%emt 0:00:01]} 72. Kd7 {[%emt 0:00:00]} Kg8 {[%emt 0:00:01]} 73. h6 {[%emt 0:00:01]} Kf8 {[%emt 0:00:01]} 74. e7+ {[%emt 0:00:00]} Kg8 {[%emt 0:00:01]} 75. f7+ {[%emt 0:00:00] Time '} 1-0

[Event "146 Stay Safe Play From Home series"]
[Site "T#646011Emanuel Laske"]
[Date "2020.05.13"]
[Round "5"]
[White "Don59as"]
[Black "Tolka"]
[Result "1/2-1/2"]
[WhiteElo "2039"]
[BlackElo "2255"]
[Annotator "RC"]
[PlyCount "132"]
[EventDate "2020.05.13"]
[EventType "swiss (blitz)"]

1. c4 {[%emt 0:00:01]} d6 {[%emt 0:00:00]} 2. Nc3 {[%emt 0:00:00]} Nf6 {[%emt 0:00:00]} 3. g3 {[%emt 0:00:00]} e5 {[%emt 0:00:01]} 4. Bg2 {[%emt 0:00:00]} g6 {[%emt 0:00:01]} 5. e3 {[%emt 0:00:00]} Bg7 {[%emt 0:00:00]} 6. Nge2 {[%emt 0:00:00]} O-O {[%emt 0:00:01]} 7. O-O {[%emt 0:00:00]} Nc6 {[%emt 0:00:02]} 8. b3 {[%emt 0:00:00]} Bg4 {[%emt 0:00:01]} 9. h3 {[%emt 0:00:01]} Bf5 {[%emt 0:00:01]} 10. d3 {[%emt 0:00:01]} Qd7 {[%emt 0:00:01]} 11. g4 {[%emt 0:00:00]} Be6 {[%emt 0:00:01]} 12. d4 {[%emt 0:00:01]} exd4 {[%emt 0:00:01]} 13. Nxd4 {[%emt 0:00:00]} d5 {[%emt 0:00:00]} 14. Nxe6 {[%emt 0:00:03]} fxe6 {[%emt 0:00:01]} 15. cxd5 {[%emt 0:00:01]} exd5 {[%emt 0:00:01]} 16. Nxd5 {[%emt 0:00:01]} Nxd5 {[%emt 0:00:01]} 17. Qxd5+ {[%emt 0:00:01]} Qxd5 {[%emt 0:00:02]} 18. Bxd5+ {[%emt 0:00:00]} Kh8 {[%emt 0:00:00]} 19. Rb1 {[%emt 0:00:01]} Nb4 {[%emt 0:00:01]} 20. Bxb7 {[%emt 0:00:02]} Rab8 {[%emt 0:00:01]} 21. Bg2 {[%emt 0:00:02]} Nxa2 {[%emt 0:00:01]} 22. Ba3 {[%emt 0:00:01]} Rfd8 {[%emt 0:00:04]} 23. Rfd1 {[%emt 0:00:01]} Nc3 {[%emt 0:00:01]} 24. Rxd8+ {[%emt 0:00:02]} Rxd8 {[%emt 0:00:00]} 25. Rc1 {[%emt 0:00:01]} Ne2+ {[%emt 0:00:01]} 26. Kh2 {[%emt 0:00:01]} Nxc1 {[%emt 0:00:00]} 27. Bxc1 {[%emt 0:00:01]} Rd1 {[%emt 0:00:02]} 28. Ba3 {[%emt 0:00:01]} Rd3 {[%emt 0:00:01]} 29. Bc5 {[%emt 0:00:04]} a5 {[%emt 0:00:04]} 30. Kg3 {[%emt 0:00:08]} Rxb3 {[%emt 0:00:01]} 31. Be7 {[%emt 0:00:01]} a4 {[%emt 0:00:01]} 32. Bd5 {[%emt 0:00:01]} Rb2 {[%emt 0:00:02]} 33. f4 {[%emt 0:00:01]} Rd2 {[%emt 0:00:03]} 34. e4 {[%emt 0:00:01]} Rd3+ {[%emt 0:00:01]} 35. Kf2 {[%emt 0:00:01]} a3 {[%emt 0:00:00]} 36. f5 {[%emt 0:00:01]} gxf5 {[%emt 0:00:01]} 37. gxf5 {[%emt 0:00:01]} Bd4+ {[%emt 0:00:00]} 38. Ke2 {[%emt 0:00:01]} Re3+ {[%emt 0:00:00]} 39. Kd2 {[%emt 0:00:00]} Kg7 {[%emt 0:00:01]} 40. f6+ {[%emt 0:00:01]} Bxf6 {[%emt 0:00:06]} 41. Bxf6+ {[%emt 0:00:01]} Kxf6 {[%emt 0:00:01]} 42. Kxe3 {[%emt 0:00:00]} Ke5 {[%emt 0:00:00]} 43. Ba2 {[%emt 0:00:01]} c5 {[%emt 0:00:02]} 44. Kd3 {[%emt 0:00:01]} h6 {[%emt 0:00:01]} 45. Ke3 {[%emt 0:00:00]} h5 {[%emt 0:00:01]} 46. Kf3 {[%emt 0:00:01]} h4 {[%emt 0:00:01]} 47. Ke3 {[%emt 0:00:01]} Kd6 {[%emt 0:00:01]} 48. Kf4 {[%emt 0:00:01]} Ke7 {[%emt 0:00:01]} 49. e5 {[%emt 0:00:00]} Kf8 {[%emt 0:00:01]} 50. e6 {[%emt 0:00:00]} Ke7 {[%emt 0:00:00]} 51. Kg4 {[%emt 0:00:00]} Kf6 {[%emt 0:00:01]} 52. Kxh4 {[%emt 0:00:00]} Ke5 {[%emt 0:00:00]} 53. Kg4 {[%emt 0:00:00]} Kd4 {[%emt 0:00:00]} 54. h4 {[%emt 0:00:00]} Kc3 {[%emt 0:00:00]} 55. e7 {[%emt 0:00:00]} Kb2 {[%emt 0:00:00]} 56. e8=Q {[%emt 0:00:02]} Kxa2 {[%emt 0:00:00]} 57. Qc6 {[%emt 0:00:01]} Kb1 {[%emt 0:00:01]} 58. Qxc5 {[%emt 0:00:01]} a2 {[%emt 0:00:00]} 59. Qb4+ {[%emt 0:00:01]} Kc2 {[%emt 0:00:01]} 60. Qa4+ {[%emt 0:00:01]} Kb1 {[%emt 0:00:00]} 61. Qxa2+ {[%emt 0:00:01]} Kxa2 {[%emt 0:00:00]} 62. h5 {[%emt 0:00:00]} Kb3 {[%emt 0:00:00]} 63. h6 {[%emt 0:00:00]} Kc2 {[%emt 0:00:00]} 64. h7 {[%emt 0:00:00]} Kd3 {[%emt 0:00:00]} 65. h8=Q {[%emt 0:00:01]} Ke2 {[%emt 0:00:00]} 66. Qf6 {[%emt 0:00:01]} Ke1 {[%emt 0:00:00] .} 1/2-1/2

[Event "146 Stay Safe Play From Home series"]
[Site "T#646011Emanuel Laske"]
[Date "2020.05.13"]
[Round "5"]
[White "Lazieri3"]
[Black "Lamborghini"]
[Result "0-1"]
[WhiteElo "2034"]
[BlackElo "2300"]
[Annotator "TA"]
[PlyCount "82"]
[EventDate "2020.05.13"]
[EventType "swiss (blitz)"]

{[%evp 9,82,-419,-12,-20,-5,-17,-14,-26,0,-39,-10,-58,-9,-100,-20,-91,-32,-80,-6,-97,-87,-77,16,-200,-202,-281,-116,-115,-114,-120,-49,-130,-125,-131,-130,-162,-73,-90,-16,-50,-52,-122,-19,-106,-101,-128,-80,-90,-89,-98,-81,-89,-82,-89,-21,-89,-70,-97,-58,-125,-133,-107,-20,-25,210,-280,-262,-494,619,620,595,577,535,323,398]} 1. f3 e5 2. e4 d5 3. exd5 Qxd5 4. Nc3 Qd8 {[#]} 5. Bc4 $146 ({Predecessor:} 5. Bb5+ c6 6. Ba4 Bc5 7. Nge2 Nf6 8. d3 h6 9. Bb3 b5 10. Ng3 O-O 11. Qe2 {1-0 (47) Ferradji,A-Salim,D Algiers 2015}) 5... Nf6 $2 (5... Qh4+ $19 6. Kf1 Qxc4+ 7. d3 Qc5) 6. d3 {C20: 1 e4 e5: Unusual White second moves.} Bc5 7. Nge2 Nc6 8. a3 {The position is equal.} O-O 9. Bd2 a6 10. Ng3 Nd4 11. Nce2 (11. Nce4 $11 Nxe4 12. Nxe4) 11... Ne6 ({Black should play} 11... Ba7 $17) 12. Nc3 (12. Bb4 $11) 12... b5 (12... Nf4 $17 13. Kf1 b5) 13. Ba2 Bb7 (13... Nf4 $17 14. Kf1 Bb6) 14. Nce4 (14. Bxe6 $1 $11 {keeps the balance.} fxe6 15. Qe2) 14... Nxe4 $17 15. Nxe4 Bb6 (15... Bxe4 $17 16. fxe4 Qd4) 16. Qe2 $2 (16. Bxe6 $1 $11 {and White has nothing to worry.} Bxe4 17. fxe4 fxe6 18. Qg4) 16... Nd4 $1 $19 {[%csl LRc2,LRe2][%cal Rd4e2][%mdl 64] Double Attack} 17. Qd1 {[#]} Qd7 (17... Qh4+ $1 $19 {and Black stays clearly on top.} 18. Kf1 Bxe4) 18. c3 $17 Ne6 19. Qe2 {[#]} Rad8 ({Black should try} 19... Bd5 $1 $17 20. Bxd5 Qxd5) 20. Nf2 (20. Bxe6 $1 $15 Qxe6 21. Be3) 20... Nf4 21. Bxf4 exf4 22. O-O Be3 (22... Rfe8 $19 23. Qd1 Qxd3 24. Qxd3 Rxd3) 23. Rad1 h5 ({Better is} 23... Rfe8 $17) 24. Kh1 c5 25. d4 (25. b4 $15) 25... c4 (25... cxd4 $17 26. cxd4 Bxd4) 26. Bb1 (26. Qc2 $11 {remains equal.}) 26... f5 27. Nh3 Rfe8 28. Qc2 g6 29. Ng5 Qe7 30. h4 Bd5 31. Rde1 Qf6 (31... Qc7 $17) 32. Re2 (32. Ba2 $1 $11) 32... Re7 33. Rfe1 Rde8 34. a4 {[#]} (34. Ba2 $15) 34... b4 $1 {[%mdl 512]} 35. cxb4 Qxd4 ({Don't play} 35... Bxd4 $6 36. Ba2 $11) (35... Qb6 $17 36. Nh3 Qd6) 36. Ba2 $11 {Rd1 is the strong threat.} Kg7 $2 (36... Rc8 $11 {and Black is okay.}) 37. b3 $4 {[%mdl 8192]} (37. Rd1 $18 {was the only winning move.} Qe5 38. Bxc4) 37... c3 $19 38. Bb1 $2 (38. b5 {is the only way for White.} axb5 39. axb5) 38... Bd2 $4 {[%mdl 8192]} (38... Qxb4 $19 39. Qd1 Bxb3) 39. Rxe7+ $18 Rxe7 40. Rxe7+ Kf8 41. Rd7 {Black must now prevent Ne6+!} Qf2 {[%mdl 32768] Accuracy: White = 32%, Black = 28%. . Loss on time!?} 0-1

[Event "146 Stay Safe Play From Home series"]
[Site "T#646011Emanuel Laske"]
[Date "2020.05.13"]
[Round "5"]
[White "Fischer_11"]
[Black "Haxhi Baha"]
[Result "1-0"]
[WhiteElo "1938"]
[BlackElo "1991"]
[PlyCount "101"]
[EventDate "2020.05.13"]
[EventType "swiss (blitz)"]

1. e4 {[%emt 0:00:01]} e6 {[%emt 0:00:02]} 2. d4 {[%emt 0:00:01]} d5 {[%emt 0:00:01]} 3. Nd2 {[%emt 0:00:00]} c5 {[%emt 0:00:01]} 4. exd5 {[%emt 0:00:01]} Qxd5 {[%emt 0:00:01]} 5. Ngf3 {[%emt 0:00:00]} cxd4 {[%emt 0:00:01]} 6. Bc4 {[%emt 0:00:00]} Qd8 {[%emt 0:00:02]} 7. O-O {[%emt 0:00:00]} Nc6 {[%emt 0:00:01]} 8. Nb3 {[%emt 0:00:01]} Nf6 {[%emt 0:00:00]} 9. Nbxd4 {[%emt 0:00:01]} Nxd4 {[%emt 0:00:00]} 10. Qxd4 {[%emt 0:00:00]} a6 {[%emt 0:00:00]} 11. Qe3 {[%emt 0:00:02]} Be7 {[%emt 0:00:01]} 12. Bb3 {[%emt 0:00:02]} Qc7 {[%emt 0:00:01]} 13. c3 {[%emt 0:00:01]} O-O {[%emt 0:00:01]} 14. Bc2 {[%emt 0:00:01]} b5 {[%emt 0:00:01]} 15. Qd3 {[%emt 0:00:03]} Bb7 {[%emt 0:00:02]} 16. Bg5 {[%emt 0:00:00]} Rad8 {[%emt 0:00:01]} 17. Qe2 {[%emt 0:00:01]} h6 {[%emt 0:00:02]} 18. Bh4 {[%emt 0:00:01]} Rd5 {[%emt 0:00:04]} 19. Bg3 {[%emt 0:00:01]} Qb6 {[%emt 0:00:02]} 20. h3 {[%emt 0:00:03]} Rfd8 {[%emt 0:00:01]} 21. Rfd1 {[%emt 0:00:02]} Rxd1+ {[%emt 0:00:01]} 22. Rxd1 {[%emt 0:00:00]} Rxd1+ {[%emt 0:00:01]} 23. Qxd1 {[%emt 0:00:00]} g6 {[%emt 0:00:02]} 24. Qd2 {[%emt 0:00:02]} Kg7 {[%emt 0:00:01]} 25. Kh2 {[%emt 0:00:01]} Qc6 {[%emt 0:00:03]} 26. Ne1 {[%emt 0:00:04]} Ne4 {[%emt 0:00:02]} 27. Qe3 {[%emt 0:00:02]} Nxg3 {[%emt 0:00:01]} 28. Qxg3 {[%emt 0:00:00]} Bd6 {[%emt 0:00:02]} 29. f4 {[%emt 0:00:01]} Qc4 {[%emt 0:00:01]} 30. Bb3 {[%emt 0:00:03]} Qe4 {[%emt 0:00:06]} 31. Bc2 {[%emt 0:00:07]} Bxf4 {[%emt 0:00:05]} 32. Bxe4 {[%emt 0:00:02]} Bxg3+ {[%emt 0:00:00]} 33. Kxg3 {[%emt 0:00:00]} Bxe4 {[%emt 0:00:01]} 34. Kf4 {[%emt 0:00:00]} f5 {[%emt 0:00:02]} 35. Ke3 {[%emt 0:00:01]} Kf6 {[%emt 0:00:01]} 36. g3 {[%emt 0:00:00]} e5 {[%emt 0:00:00]} 37. h4 {[%emt 0:00:00]} g5 {[%emt 0:00:01]} 38. b3 {[%emt 0:00:01]} Bd5 {[%emt 0:00:02]} 39. hxg5+ {[%emt 0:00:01]} hxg5 {[%emt 0:00:01]} 40. Nd3 {[%emt 0:00:00]} f4+ {[%emt 0:00:01]} 41. gxf4 {[%emt 0:00:01]} exf4+ {[%emt 0:00:00]} 42. Kf2 {[%emt 0:00:00]} Kf5 {[%emt 0:00:01]} 43. Nb4 {[%emt 0:00:00]} Be4 {[%emt 0:00:01]} 44. Nxa6 {[%emt 0:00:02]} g4 {[%emt 0:00:00]} 45. Nc5 {[%emt 0:00:00]} g3+ {[%emt 0:00:00]} 46. Kg1 {[%emt 0:00:01]} f3 {[%emt 0:00:00]} 47. Nd7 {[%emt 0:00:02]} Kf4 {[%emt 0:00:01]} 48. Nc5 {[%emt 0:00:00]} f2+ {[%emt 0:00:01]} 49. Kf1 {[%emt 0:00:02]} Bf5 {[%emt 0:00:00]} 50. Ke2 {[%emt 0:00:00]} Bh3 {[%emt 0:00:01]} 51. Nd3+ {[%emt 0:00:00] Time (Lag: Av=0.85s, max=1.3s) '} 1-0

[Event "146 Stay Safe Play From Home series"]
[Site "T#646011Emanuel Laske"]
[Date "2020.05.13"]
[Round "5"]
[White "Greblah"]
[Black "Pokerpapi"]
[Result "1-0"]
[WhiteElo "1873"]
[BlackElo "1507"]
[Annotator "NA"]
[PlyCount "59"]
[EventDate "2020.05.13"]
[EventType "swiss (blitz)"]

1. e4 {[%emt 0:00:01]} e5 {[%emt 0:00:01]} 2. Nf3 {[%emt 0:00:01]} d6 {[%emt 0:00:00]} 3. d4 {[%emt 0:00:01]} Nc6 {[%emt 0:00:01]} 4. dxe5 {[%emt 0:00:01]} Bg4 {[%emt 0:00:01]} 5. Be2 {[%emt 0:00:01]} Qd7 {[%emt 0:00:01]} 6. exd6 {[%emt 0:00:01]} Bxd6 {[%emt 0:00:00]} 7. Nc3 {[%emt 0:00:01]} h6 {[%emt 0:00:03]} 8. Be3 {[%emt 0:00:01]} Qe7 {[%emt 0:00:02]} 9. h3 {[%emt 0:00:02]} Be6 {[%emt 0:00:03]} 10. Nd4 {[%emt 0:00:02]} Bd7 {[%emt 0:00:03]} 11. Nxc6 {[%emt 0:00:02]} Bxc6 {[%emt 0:00:01]} 12. Bf3 {[%emt 0:00:00]} O-O-O {[%emt 0:00:02]} 13. Qe2 {[%emt 0:00:01]} Bb4 {[%emt 0:00:03]} 14. O-O {[%emt 0:00:01]} Bd6 {[%emt 0:00:03]} 15. Nd5 {[%emt 0:00:02]} Qe5 {[%emt 0:00:04]} 16. Bf4 {[%emt 0:00:03]} Qe6 {[%emt 0:00:04]} 17. Bxd6 {[%emt 0:00:01]} cxd6 {[%emt 0:00:01]} 18. c4 {[%emt 0:00:03]} Bxd5 {[%emt 0:00:02]} 19. cxd5 {[%emt 0:00:02]} Qd7 {[%emt 0:00:02]} 20. Rac1+ {[%emt 0:00:00]} Kb8 {[%emt 0:00:01]} 21. Rc3 {[%emt 0:00:02]} Ne7 {[%emt 0:00:01]} 22. Rfc1 {[%emt 0:00:01]} Nc8 {[%emt 0:00:00]} 23. Qc2 {[%emt 0:00:01]} Nb6 {[%emt 0:00:02]} 24. Rc7 {[%emt 0:00:01]} Qb5 {[%emt 0:00:06]} 25. a4 {[%emt 0:00:01]} Qa6 {[%emt 0:00:01]} 26. b3 {[%emt 0:00:02]} g5 {[%emt 0:00:03]} 27. Be2 {[%emt 0:00:02]} Qa5 {[%emt 0:00:02]} 28. Rxf7 {[%emt 0:00:01]} Qb4 {[%emt 0:00:02]} 29. Qc7+ {[%emt 0:00:02]} Ka8 {[%emt 0:00:08]} 30. Qxb7# {[%emt 0:00:01] (Lag: Av=0.31s, max=0.4s) .} 1-0

[Event "146 Stay Safe Play From Home series"]
[Site "T#646011Emanuel Laske"]
[Date "2020.05.13"]
[Round "5"]
[White "Ionutn28"]
[Black "Onlyforchess"]
[Result "0-1"]
[WhiteElo "1809"]
[BlackElo "2532"]
[Annotator "TA"]
[PlyCount "58"]
[EventDate "2020.05.13"]
[EventType "swiss (blitz)"]

{[%evp 11,58,-16,14,16,45,45,41,10,33,0,10,-41,-22,-23,-30,-51,-49,-85,-58,-60,-59,-83,-82,-149,-94,-192,-186,-315,-115,-181,-139,-142,-143,-279,-150,-145,-161,-154,-150,-265,-138,-156,-157,-172,-156,-348,-269,-831,-831]} 1. e4 c5 2. d3 Nc6 3. Nd2 e6 4. Ngf3 d5 5. g3 Nf6 6. Bg2 dxe4 7. dxe4 {C00: French: Unusual White 2nd moves.} Bd6 8. O-O O-O 9. Re1 {aiming for e5.White is slightly better.} Bc7 {[#]} 10. a3 $146 ({Predecessor:} 10. c3 Ng4 11. Qc2 Qf6 12. h3 Nge5 13. Nxe5 Nxe5 14. f4 Nd7 15. e5 Qe7 16. Nc4 {1-0 (33) Kapicakova,L (1655)-Smirnova,J (1372) Bratislava 2019}) 10... e5 11. Nc4 (11. c3 $11) 11... Be6 12. Qe2 Nd4 13. Nxd4 cxd4 14. Bg5 Rc8 15. b3 h6 $36 {[%mdl 2048] Black has some pressure.} 16. Bxf6 Qxf6 17. Nd2 (17. Red1 $142) 17... Rfd8 (17... Ba5 $142 18. Rec1 Rc6) 18. Rac1 (18. Nc4 $17) 18... Ba5 $19 {And now ...Rxc2! would win.} 19. Red1 {[#]} (19. Qd1 {was called for.}) 19... Bc3 $2 (19... Rxc2 $1 $19 {[%mdl 512] has better winning chances.} 20. Qd3 (20. Rxc2 $2 {loses.} d3 $19 {[%mdl 64] Double Attack}) 20... Rc3) 20. Nf3 (20. Rb1 $17) 20... Bb2 21. Rb1 Bxa3 22. Qb5 (22. Ra1 $17 Bc5 23. Ne1) 22... Rc7 (22... Rxc2 $19 {...Bc5 is the strong threat.} 23. Qxe5 d3 24. Qxf6 gxf6) 23. Qxe5 $17 Qxe5 ({Of course not} 23... Rxc2 $6 24. Qxf6 gxf6 25. Nxd4 $11) 24. Nxe5 Rxc2 25. b4 (25. Bf1 $17) 25... Rb2 (25... Ba2 $19 26. Ra1 Bxb4) 26. Rxb2 Bxb2 27. Nd3 Bc3 28. b5 $2 (28. f4 $17 {was worth a try.}) 28... Bb3 29. Rb1 $2 (29. Bf3) 29... Bc2 $1 {[%csl LRb1,LRd3][%mdl 64] Double Attack. Accuracy: White = 34%, Black = 43%.} 0-1

[Event "146 Stay Safe Play From Home series"]
[Site "T#646011Emanuel Laske"]
[Date "2020.05.13"]
[Round "5"]
[White "Edmatuag"]
[Black "Matanant"]
[Result "0-1"]
[WhiteElo "1663"]
[BlackElo "1581"]
[Annotator "NA"]
[PlyCount "60"]
[EventDate "2020.05.13"]
[EventType "swiss (blitz)"]

1. e4 {[%emt 0:00:01]} e5 {[%emt 0:00:02]} 2. Nf3 {[%emt 0:00:01]} d5 {[%emt 0:00:01]} 3. exd5 {[%emt 0:00:03]} e4 {[%emt 0:00:01]} 4. Nd4 {[%emt 0:00:02]} Nf6 {[%emt 0:00:00]} 5. c4 {[%emt 0:00:01]} c5 {[%emt 0:00:02]} 6. Nb3 {[%emt 0:00:03]} b6 {[%emt 0:00:02]} 7. Nc3 {[%emt 0:00:01]} Bd6 {[%emt 0:00:02]} 8. Qe2 {[%emt 0:00:01]} O-O {[%emt 0:00:02]} 9. Nxe4 {[%emt 0:00:03]} Nxe4 {[%emt 0:00:02]} 10. d3 {[%emt 0:00:05]} Re8 {[%emt 0:00:00]} 11. dxe4 {[%emt 0:00:03]} f5 {[%emt 0:00:01]} 12. f3 {[%emt 0:00:02]} fxe4 {[%emt 0:00:02]} 13. fxe4 {[%emt 0:00:00]} Bf5 {[%emt 0:00:01]} 14. Nd2 {[%emt 0:00:04]} Qh4+ {[%emt 0:00:05]} 15. g3 {[%emt 0:00:01]} Bxg3+ {[%emt 0:00:02]} 16. hxg3 {[%emt 0:00:03]} Qxh1 {[%emt 0:00:01]} 17. Kf2 {[%emt 0:00:04]} Bxe4 {[%emt 0:00:02]} 18. Nxe4 {[%emt 0:00:03]} Rxe4 {[%emt 0:00:02]} 19. Qf3 {[%emt 0:00:02]} Qxf3+ {[%emt 0:00:05]} 20. Kxf3 {[%emt 0:00:00]} Re1 {[%emt 0:00:05]} 21. Kf2 {[%emt 0:00:01]} Re7 {[%emt 0:00:04]} 22. Bg2 {[%emt 0:00:01]} Rf7+ {[%emt 0:00:04]} 23. Kg1 {[%emt 0:00:06]} Nd7 {[%emt 0:00:00]} 24. d6 {[%emt 0:00:02]} Re8 {[%emt 0:00:01]} 25. Bd5 {[%emt 0:00:00]} Re1+ {[%emt 0:00:03]} 26. Kg2 {[%emt 0:00:02]} Rd1 {[%emt 0:00:00]} 27. Bxf7+ {[%emt 0:00:02]} Kxf7 {[%emt 0:00:01]} 28. g4 {[%emt 0:00:01]} Ke6 {[%emt 0:00:01]} 29. b3 {[%emt 0:00:01]} Ne5 {[%emt 0:00:02]} 30. Bb2 {[%emt 0:00:01]} Rd2+ {[%emt 0:00:01] Time (Lag: Av=0.64s, max=1.2s)} 0-1